Les plus grandes villes du monde finissant par "es" sur une carte - Statistiques

Statistiques générales
  • Ce quiz a été pris 52 fois
  • Le résultat moyen est 9 sur 12
Réponses sur la Carte
Les réponses sont colorées sur une échelle allant du rouge au vert en fonction du pourcentage des utilisateurs qui les ont devinées à leur premier essai. Vous pouvez retrouver ces pourcentages ci-dessous.
 
Statistiques - réponses
Population Pays Ville % Correct
3 154 000 Grèce Athènes
100%
12 489 000 Etats-Unis Los Angeles
100%
2 111 000 Belgique Bruxelles
96%
9 546 000 Royaume-Uni Londres
94%
15 375 000 Argentine Buenos Aires
92%
2 180 000 Italie Naples
92%
693 000 France Nantes
90%
1 268 000 Maroc Fès
86%
675 000 Italie Gênes
82%
568 000 Maroc Meknès
43%
559 000 Etats-Unis Des Moines
31%
1 144 000 Mexique Aguascalientes
12%
Aucun quiz correspondant
Distribution des résultats
% des personnes avec chaque résultat
Percentile par nombre de réponses
Votre historique - résultats
Vous n’avez pas pris ce quiz